| 000 | 00384 a2200169 4500 | ||
|---|---|---|---|
| 001 | 73076 | ||
| 020 | _a8526236326 | ||
| 040 | _cAnchieta - Colégio São Paulo | ||
| 100 | _aJúnior,Catelli Roberto | ||
| 240 | 1 | 0 |
_aHistória temática _lpor |
| 245 | 1 | 0 | _aHistória temática |
| 300 | _a208 | ||
| 362 | 0 | _a2000 | |
| 440 | 1 | _aScipione | |
| 650 | 4 | _aHistória do mundo | |
| 942 | _cBK | ||
| 999 |
_c73076 _d73076 |
||